Deutsche Bundesländer mit dem höchsten BIP Pro Kopf - Statistiken

Allgemein
  • Dieses Quiz wurde 159 mal gespielt
  • Das Durchschnittsergebnis liegt bei 10 aus 10
Antwortstatistiken
BIP Bundesland % Korrekt
45,108 Baden-Württemberg
100%
46,498 Bayern
100%
42,221 Berlin
100%
64,022 Hamburg
100%
46,468 Bremen
99%
44,750 Hessen
97%
37,005 Niedersachsen
95%
38,876 Nordrhein-Westfalen
95%
34,673 Rheinland-Pfalz
93%
34,125 Saarland
93%
Keine übereinstimmenden Quizze gefunden
Verteilung der Resultate
Anzahl Personen mit jedem Resultat
Perzentil nach korrekt beantworteten Fragen
Ihre Resultats-Entwicklung
Sie haben dieses Quiz noch nicht gespielt